000 00454nam a2200097Ia 4500
008 180130s9999 xx 000 0 und d
245 _cShinn, Mark R.
_aIdentifying and validating academic problems in a multi-tiered system of services and supports model in a time of shifting paradigms
260 _c2013
300 _aBook title: Assessment for intervention : a problem-solving approach--Acession number C17203; pages 199-228
650 _aSCHOOL PSYCHOLOGY
999 _c353715
_d353715